| 000 | 00707nam a22002537a 4500 | ||
|---|---|---|---|
| 001 | 10478 | ||
| 003 | DO-SdBNP | ||
| 005 | 20180216090044.0 | ||
| 008 | 161129b 00| 0 spa d | ||
| 020 | _a9788430568604 | ||
| 040 |
_aBPMSU _bspa _cBPMSU |
||
| 082 |
_a _b |
||
| 100 |
_a[Perrault, Charles] _d1628-1703 |
||
| 245 |
_aLa bella durmiente ; La sirenita / _b[Charles Perrault, Walt Disney] |
||
| 260 |
_aMadrid : _bSusaeta Ediciones, |
||
| 300 |
_a18 p. : _bil. ; _c17 cm. |
||
| 490 | _aClásicos brillantes | ||
| 700 | _aDisney, Walt | ||
| 740 | _aLa sirenita | ||
| 830 | _aClásicos brillantes | ||
| 942 |
_2ddc _cBK |
||
| 945 | _ainventariado, 2018 / dg | ||
| 956 |
_aVMATEO _b10 _c20161129 _dBPMSU _f0069 |
||
| 999 |
_c12146 _d12146 |
||